00523 2200193 4500001002100000005001500021007000300036008004100039020002200080035002000102082001000122084001400132100002000146245008400166250001200250260003500262650001000297990002200307INLIS00000000000258120260601020548ta260601 1  a978-602-1695-45-6 a0010-0320000001 a297.5 a297.5 LIM0 aVbi Djenggotten1 aLima puluh lima mutira aklhlak Islam /cVbi Djenggotten;penyunting, Diyah Rahma a.-cet.1 a.--Jakarta :bSalsabila,c2017 4aKomik a29.474/B/DPK/2019